LEADER 00754nas a2200181 i 4500 001 000000002863 003 CaOOAMICUS 005 20180830125436.0 008 180830n it uu u0 0ita r 040 $aSeMil$bita 245 10$aRivista internazionale di filosofia politica e sociale /$cdiretta da Lorenzo Caboara. 260 $aGenova :$b[s.n.] 500 $aConsistenza: 5. (1941) - 7. (1943, Gennaio-Aprile). 700 1 $aCaboara, Lorenzo.$0(OLS)http://semarc/name/2265 700 1 $aSocietà italiana di Sociologia.$0(OLS)http://semarc/name/2264 774 0 $tTitolo mancante.$w()133311 996 $6245$aRivista internazionale di filosofia politica e sociale$9(OLS)http://semarc/title/4840 996 $6260$aGenova :$b[s.n.]$9(OLS)http://semarc/publisher/30558 LEADER 00430nab a2200145 i 4500 001 000000264352 003 CaOOAMICUS 005 20190408161553.0 008 060613n xx uu u0 0und r 013 $a6953 040 $aSeMil$bita 245 10$a2006 : 2. 773 0 $t2006.$dCambridge (Massachusetts) : Weston Jesuit School of Theology, copyr. 2006.$w()148550 996 $6245$a2006 : 2$9(OLS)http://semarc/title/142414